A plasmasejtek jelentősége vesetranszplantátumok kilökődésében [Significance of plasma cells in the rejection of kidney grafts].
Authors studied with immunohistochemical methods the immunoglobulin content of plasma cells during the rejection of renal grafts, in different rejections, in Cyclosporin-A nephro-toxicity and in chronic interstitial nephritis, as a comparison. By far the most plasma cells occurred in chronic rejecti...
Elmentve itt :
| Szerzők: | |
|---|---|
| Dokumentumtípus: | Cikk |
| Megjelent: |
1989
|
| Sorozat: | MORPHOLÓGIAI ÉS IGAZSÁGÜGYI ORVOSI SZEMLE
29 No. 4 |
| Tárgyszavak: | |
| mtmt: | 1444857 |
| Online Access: | http://publicatio.bibl.u-szeged.hu/32770 |
| LEADER | 01477nab a2200253 i 4500 | ||
|---|---|---|---|
| 001 | publ32770 | ||
| 005 | 20250416101542.0 | ||
| 008 | 250416s1989 hu o 000 hun d | ||
| 022 | |a 0540-889X | ||
| 024 | 7 | |a 1444857 |2 mtmt | |
| 040 | |a SZTE Publicatio Repozitórium |b hun | ||
| 041 | |a hun | ||
| 100 | 1 | |a Nádasdy Tibor | |
| 245 | 1 | 2 | |a A plasmasejtek jelentősége vesetranszplantátumok kilökődésében [Significance of plasma cells in the rejection of kidney grafts]. |h [elektronikus dokumentum] / |c Nádasdy Tibor |
| 260 | |c 1989 | ||
| 300 | |a 283-286 | ||
| 490 | 0 | |a MORPHOLÓGIAI ÉS IGAZSÁGÜGYI ORVOSI SZEMLE |v 29 No. 4 | |
| 520 | 3 | |a Authors studied with immunohistochemical methods the immunoglobulin content of plasma cells during the rejection of renal grafts, in different rejections, in Cyclosporin-A nephro-toxicity and in chronic interstitial nephritis, as a comparison. By far the most plasma cells occurred in chronic rejection, containing more than 80% IgG. Whereas great majority of plasma cells were IgG positive in chronic interstitial nephritis. Probably, in chronic rejection a special, secondary type humoral immune reaction has a significant role in addition to cellular immune mechanisms. | |
| 650 | 4 | |a Klinikai orvostan | |
| 700 | 0 | 1 | |a Krenács Tibor |e aut |
| 700 | 0 | 2 | |a Kalmár-Nagy Károly |e aut |
| 700 | 0 | 2 | |a Csajbók Ernő |e aut |
| 700 | 0 | 2 | |a Boda Krisztina |e aut |
| 856 | 4 | 0 | |u http://publicatio.bibl.u-szeged.hu/32770/1/aok_klny_452_89.pdf |z Dokumentum-elérés |